<?xml version="1.0" encoding="UTF-8"?>
<record
    xmlns:xsi="http://www.w3.org/2001/XMLSchema-instance"
    xsi:schemaLocation="http://www.loc.gov/MARC21/slim http://www.loc.gov/standards/marcxml/schema/MARC21slim.xsd"
    xmlns="http://www.loc.gov/MARC21/slim">

  <leader>01541nam a2200217 a 4500</leader>
  <controlfield tag="001">000039703</controlfield>
  <controlfield tag="005">20201002033704.0</controlfield>
  <controlfield tag="008">130716s1968    sp            000 0 spa d</controlfield>
  <datafield tag="040" ind1=" " ind2=" ">
    <subfield code="a">DO-SdBNP</subfield>
    <subfield code="b">spa</subfield>
    <subfield code="c">BNPHU</subfield>
  </datafield>
  <datafield tag="082" ind1=" " ind2=" ">
    <subfield code="a">808.831</subfield>
    <subfield code="b">A634m, 1968</subfield>
  </datafield>
  <datafield tag="245" ind1="0" ind2="0">
    <subfield code="a">Antolog&#xED;a de las mejores novelas polic&#xED;acas /</subfield>
    <subfield code="c">selecci&#xF3;n Jos&#xE9; A. Llorens.</subfield>
  </datafield>
  <datafield tag="250" ind1=" " ind2=" ">
    <subfield code="a">6a ed.</subfield>
  </datafield>
  <datafield tag="260" ind1=" " ind2=" ">
    <subfield code="a">Barcelona :</subfield>
    <subfield code="b">Ediciones Acervo,</subfield>
    <subfield code="c">1968.</subfield>
  </datafield>
  <datafield tag="300" ind1=" " ind2=" ">
    <subfield code="a">v. ;</subfield>
    <subfield code="c">21 cm.</subfield>
  </datafield>
  <datafield tag="500" ind1=" " ind2=" ">
    <subfield code="a">La biblioteca posee el v.3</subfield>
  </datafield>
  <datafield tag="505" ind1="0" ind2=" ">
    <subfield code="t">El retorno del presidiario /</subfield>
    <subfield code="r">Charles Dickens --</subfield>
    <subfield code="t">La calavera que gritaba /</subfield>
    <subfield code="r">Francis Marion Crawford --</subfield>
    <subfield code="t">El hacha de oro /</subfield>
    <subfield code="r">Gast&#xF3;n Leroux --</subfield>
    <subfield code="t">El preso de la celda n&#xFA;mero 13 /</subfield>
    <subfield code="r">Jacques Futrelle --</subfield>
    <subfield code="t">El problema insoluble /</subfield>
    <subfield code="r">G. K. Chesterton --</subfield>
    <subfield code="t">El paso a nivel /</subfield>
    <subfield code="r">Freeman Willis Crofts --</subfield>
    <subfield code="t">El crimen de Regent's Park /</subfield>
    <subfield code="r">Baronesa Orczy --</subfield>
    <subfield code="t">La casita /</subfield>
    <subfield code="r">H. C. Bayle --</subfield>
    <subfield code="t">Luz de gas /</subfield>
    <subfield code="r">Patrick Hamilton --</subfield>
    <subfield code="t">La estirpe de los Orven /</subfield>
    <subfield code="r">M. P. Shiel --</subfield>
    <subfield code="t">La desaparici&#xF3;n de la se&#xF1;ora Fraser /</subfield>
    <subfield code="r">Sir Basil Thomson --</subfield>
    <subfield code="t">El inferior /</subfield>
    <subfield code="r">Agatha Christie --</subfield>
    <subfield code="t">Programa doble /</subfield>
    <subfield code="r">William Irish --</subfield>
    <subfield code="t">El fantasma de Anita Flores /</subfield>
    <subfield code="r">Noel Claras&#xF3; --</subfield>
    <subfield code="t">La pobre Gertrudis /</subfield>
    <subfield code="r">Roy Vickers --</subfield>
    <subfield code="t">Una mujer de principios /</subfield>
    <subfield code="r">Roy Vickers --</subfield>
    <subfield code="t">Ola de cr&#xED;menes en el castillo de Blandings /</subfield>
    <subfield code="r">P. G. Wodehouse --</subfield>
    <subfield code="t">El dado del emperador /</subfield>
    <subfield code="r">Ellery Queen --</subfield>
    <subfield code="t">La mu&#xF1;eca del delf&#xED;n /</subfield>
    <subfield code="r">Ellery Queen</subfield>
  </datafield>
  <datafield tag="650" ind1=" " ind2="4">
    <subfield code="a">Novela polic&#xED;aca</subfield>
    <subfield code="x">Colecciones</subfield>
    <subfield code="9">50055</subfield>
  </datafield>
  <datafield tag="650" ind1=" " ind2="4">
    <subfield code="a">Literatura</subfield>
    <subfield code="x">Colecciones</subfield>
    <subfield code="9">40253</subfield>
  </datafield>
  <datafield tag="700" ind1="1" ind2="2">
    <subfield code="a">Llorens, Jos&#xE9; A.</subfield>
    <subfield code="9">4194</subfield>
  </datafield>
  <datafield tag="910" ind1=" " ind2=" ">
    <subfield code="a">Validado. Control de calidad MFF</subfield>
  </datafield>
  <datafield tag="952" ind1=" " ind2=" ">
    <subfield code="0">0</subfield>
    <subfield code="1">0</subfield>
    <subfield code="5">0</subfield>
    <subfield code="7">1</subfield>
    <subfield code="8">MO</subfield>
    <subfield code="a">GR</subfield>
    <subfield code="b">GR</subfield>
    <subfield code="c">HD</subfield>
    <subfield code="d">2013-07-16</subfield>
    <subfield code="i">LF1</subfield>
    <subfield code="l">0</subfield>
    <subfield code="o">v.3</subfield>
    <subfield code="p">39703-10</subfield>
    <subfield code="r">2020-06-25</subfield>
    <subfield code="w">2020-06-25</subfield>
    <subfield code="y">1</subfield>
    <subfield code="Z">No se presta</subfield>
  </datafield>
  <datafield tag="999" ind1=" " ind2=" ">
    <subfield code="c">39193</subfield>
    <subfield code="d">39193</subfield>
  </datafield>
</record>
